000 00312nam a2200133Ia 4500
008 240624s9999 xx 000 0 und d
041 _aeng
082 _a006.76 RIO
100 _aRIORDAN REBECCA M
245 _aMICROSOFT ADO NET
260 _c2004
_aNew Delhi
_bPrentice-Hall
300 _axii, : 512
365 _cRS
999 _c289
_d289